Professional indemnity insurance (PII) and risk managment for surveyors and valuers (Record no. 84838)

MARC details
000 -LEADER
fixed length control field 00983cab a22002295a 4500
001 - CONTROL NUMBER
control field L159224
008 - FIXED-LENGTH DATA ELEMENTS--GENERAL INFORMATION
fixed length control field 160318e2016 xxk 000 0 eng d
035 ## - SYSTEM CONTROL NUMBER
System control number (Sirsi) u159224
041 0# - LANGUAGE CODE
Language code of text/sound track or separate title eng
100 1# - MAIN ENTRY--PERSONAL NAME
Personal name Vigus, Emma
245 00 - TITLE STATEMENT
Title Professional indemnity insurance (PII) and risk managment for surveyors and valuers
260 ## - PUBLICATION, DISTRIBUTION, ETC.
Date of publication, distribution, etc. 2016
490 ## - SERIES STATEMENT
Series statement Journal of Building Survey, Appraisal & Valuation
Volume/sequential designation 4(4) 255-263(9)
520 ## - SUMMARY, ETC.
Summary, etc. Provides useful tips on managing your Professional Indemnity Insurance (PII). These include developing a good relationship with your insurance brker and managing and minimising risk through due diligence and good working practices. Looks at risk and liability within valuation contracts with reference to case law relating to PII issues.
590 ## - LOCAL NOTE (RLIN)
Local note KA
650 24 - SUBJECT ADDED ENTRY--TOPICAL TERM
Topical term or geographic name entry element PROFESSIONAL INDEMNITY INSURANCE
650 24 - SUBJECT ADDED ENTRY--TOPICAL TERM
Topical term or geographic name entry element RISK
651 #4 - SUBJECT ADDED ENTRY--GEOGRAPHIC NAME
Geographic name United Kingdom
Chronological subdivision
690 ## - LOCAL SUBJECT ADDED ENTRY--TOPICAL TERM (OCLC, RLIN)
Topical term or geographic name as entry element Business and management
700 1# - ADDED ENTRY--PERSONAL NAME
Personal name Crossingham, Robert
942 ## - ADDED ENTRY ELEMENTS (KOHA)
Suppress in OPAC 0
Holdings
Withdrawn status Lost status Source of classification or shelving scheme Damaged status Not for loan Home library Current library Shelving location Date acquired Total Checkouts Full call number Barcode Date last seen Copy number Price effective from Koha item type
    Dewey Decimal Classification     London London Journals 18/03/2016   L159224 159224-1001 06/08/2019 1 06/08/2019 Journal article